000 00714nam a22002055i 4500
001 178203
003 ES-MaACL
005 20250827100434.0
008 110523s1968 sp |||| | spa d
080 _a597.2/.5
245 0 3 _aLa monótona e insegura vida del pez en el agua.
260 _aMadrid :
_bDelblan,
_cD. L. 1968.
300 _a16 p. ;
_c16 cm.
490 1 _aMosaico cultural : colección de temas instructivos. 2. Curiosidades de la naturaleza ;
_v13
500 _aEncuadernado con otros títulos.
650 0 4 _aPeces.
_9146663
830 0 0 _aMosaico cultural: colección de temas instructivos
_v13
_9190806
852 _aES-MaACL
_jE-15189 (13)
_xOlim P-1923
999 _c178203
_d178203